000 00352nam a22001217a 4500
082 _a220 PRO
100 _aMANSOOR,SARMAD,TAYYAB
_972233
245 _aPR-SOF-1153-DEVELOPMENT OF 3 DEGREE OF FREEDOMPARALLEL MANIPULATOR
260 _aISLAMABAD
_bNUST COLLEGE OF EME
_c2012
650 _aDE-MECH-30
_972234
700 _aAAMER A BAQAI
_972235
942 _cCR
999 _c578359
_d578359